<?xml version="1.0" encoding="UTF-8"?>
<record
    xmlns:xsi="http://www.w3.org/2001/XMLSchema-instance"
    xsi:schemaLocation="http://www.loc.gov/MARC21/slim http://www.loc.gov/standards/marcxml/schema/MARC21slim.xsd"
    xmlns="http://www.loc.gov/MARC21/slim">

  <leader>02723nam a22002537a 4500</leader>
  <controlfield tag="005">20240305165504.0</controlfield>
  <controlfield tag="007">cr||||   |||| </controlfield>
  <controlfield tag="008">180402s2017    es |||||s|||| 00||0 spa d</controlfield>
  <datafield tag="020" ind1=" " ind2=" ">
    <subfield code="a">978-84-9148-454-7</subfield>
  </datafield>
  <datafield tag="035" ind1=" " ind2=" ">
    <subfield code="a">21317</subfield>
  </datafield>
  <datafield tag="040" ind1=" " ind2=" ">
    <subfield code="a">vLex</subfield>
  </datafield>
  <datafield tag="090" ind1=" " ind2=" ">
    <subfield code="c">7639</subfield>
    <subfield code="d">7639</subfield>
  </datafield>
  <datafield tag="100" ind1="1" ind2=" ">
    <subfield code="a">Mart&#xED;nez Ruiz, Jes&#xFA;s</subfield>
  </datafield>
  <datafield tag="245" ind1="1" ind2="2">
    <subfield code="a">La reparaci&#xF3;n del perjuicio como comportamiento postdelictivo positivo como instrumento de pol&#xED;tica criminal</subfield>
    <subfield code="h">[Recurso electr&#xF3;nico] /</subfield>
    <subfield code="c">Jes&#xFA;s Mart&#xED;nez Ruiz</subfield>
  </datafield>
  <datafield tag="256" ind1=" " ind2=" ">
    <subfield code="a">Servicio en l&#xED;nea</subfield>
  </datafield>
  <datafield tag="260" ind1=" " ind2=" ">
    <subfield code="a">Madrid:</subfield>
    <subfield code="b">Dykinson,</subfield>
    <subfield code="c">2017</subfield>
  </datafield>
  <datafield tag="300" ind1=" " ind2=" ">
    <subfield code="a">1 recurso electr&#xF3;nico</subfield>
  </datafield>
  <datafield tag="500" ind1=" " ind2=" ">
    <subfield code="a">El trabajo que hoy ve la luz bajo la intitulaci&#xF3;n La reparaci&#xF3;n del perjuicio como comportamiento postdelictivo como instrumento de Pol&#xED;tica criminal, intenta responder a los tres grandes d&#xE9;ficits de nuestro sistema penal:la crisis de la prisi&#xF3;n con la correlativa crisis del pensamiento resocializador de la pena privativa de libertad; el cr&#xF3;nico colapso de nuestra Administraci&#xF3;n de Justicia y, finalmente, el tradicional olvido de la v&#xED;ctima del delito. Tales problemas exigen la b&#xFA;squeda de nuevas soluciones que pueden provenir de la mano de la reparaci&#xF3;n del perjuicio por parte del responsable penal en cuanto instrumento de pol&#xED;tica criminal, a implementar necesariamente en el Derecho penal y procesal penal, que deber&#xE1; construirse sobre los cimientos de la introducci&#xF3;n del principio de oportunidad reglada por el Ministerio Fiscal, bajo el control del Juez o Tribunal y sobre la concurrencia de un comportamiento voluntario positivo posterior al delito (y, por ende, a la consumaci&#xF3;n delictiva), en cuanto genuino actus contrarius proveniente del responsable de un hecho t&#xED;pico, antijur&#xED;dico y culpable (merecimiento de pena) pero que, en virtud de ese preciso comportamiento posterior positivo hace que respecto de la lesi&#xF3;n o puesta en peligro solo de determinados bienes jur&#xED;dicos especialmente id&#xF3;neos, venga a menos la necesidad de pena para el restablecimiento del Orden jur&#xED;dico. Esta propuesta, a su vez, como se demuestra a lo largo de estas p&#xE1;ginas, deber&#xE1; coordinarse con la incorporaci&#xF3;n de la Mediaci&#xF3;n penal.</subfield>
  </datafield>
  <datafield tag="506" ind1="1" ind2=" ">
    <subfield code="a">Disponible solo en los productos indicados</subfield>
    <subfield code="d">vLex Global</subfield>
    <subfield code="d">vLex Global (Academic Edition, excluding Law Schools)</subfield>
    <subfield code="d">vLex Global (U.S. Academic Edition, Law Schools)</subfield>
    <subfield code="d">vLex Global (U.S. Academic Edition, excluding Law Schools)</subfield>
    <subfield code="d">vLex Global (Academic Edition, Law Schools)</subfield>
  </datafield>
  <datafield tag="650" ind1="0" ind2="4">
    <subfield code="a">Derecho Penal</subfield>
    <subfield code="z">Espa&#xF1;a</subfield>
  </datafield>
  <datafield tag="740" ind1="0" ind2=" ">
    <subfield code="a">vLex Libros (Servicio en l&#xED;nea)</subfield>
  </datafield>
  <datafield tag="856" ind1="4" ind2="0">
    <subfield code="u">https://app.vlex.com/#/sources/reparacion-del-perjuicio-como-comportamiento-postdelictivo-positivo-como-instrumento-de-politica-criminal-21317</subfield>
  </datafield>
  <datafield tag="942" ind1=" " ind2=" ">
    <subfield code="c">RAA</subfield>
  </datafield>
  <datafield tag="952" ind1=" " ind2=" ">
    <subfield code="0">0</subfield>
    <subfield code="1">0</subfield>
    <subfield code="4">0</subfield>
    <subfield code="7">0</subfield>
    <subfield code="8">VLEX</subfield>
    <subfield code="9">323853</subfield>
    <subfield code="a">BD-UIN</subfield>
    <subfield code="b">BD-UIN</subfield>
    <subfield code="d">2024-03-05</subfield>
    <subfield code="l">0</subfield>
    <subfield code="p">21317</subfield>
    <subfield code="r">2024-03-05</subfield>
    <subfield code="w">2024-03-05</subfield>
    <subfield code="y">RAA</subfield>
  </datafield>
  <datafield tag="999" ind1=" " ind2=" ">
    <subfield code="c">165876</subfield>
    <subfield code="d">165876</subfield>
  </datafield>
</record>
